[Event "33. Copenhagen Open (Politiken Cup)"]
[Site "Elsinore"]
[Date "2011.08.07"]
[Round "10"]
[White "Stojanovski, Sandi"]
[Black "Diaz, Linda Victoria"]
[Result "1/2-1/2"]
[WhiteElo "2254"]
[BlackElo "1988"]
[PlyCount "23"]
[EventDate "2011.07.30"]
[EventType "swiss"]
[EventRounds "10"]
[EventCountry "DEN"]
[Source "ChessBase"]
[SourceDate "2011.08.29"]

1. d4 Nf6 2. c4 e6 3. Nc3 c5 4. d5 exd5 5. cxd5 d6 6. e4 a6 7. a4 g6 8. Nf3 Bg4
9. Be2 Bxf3 10. Bxf3 Nbd7 11. O-O Bg7 12. Bf4 1/2-1/2

[Event "33. Copenhagen Open (Politiken Cup)"]
[Site "Elsinore"]
[Date "2011.08.07"]
[Round "10"]
[White "Stolberg Rohr, Thomine"]
[Black "Barane, Simon"]
[Result "1-0"]
[WhiteElo "1964"]
[BlackElo "1830"]
[PlyCount "45"]
[EventDate "2011.07.30"]
[EventType "swiss"]
[EventRounds "10"]
[EventCountry "DEN"]
[Source "ChessBase"]
[SourceDate "2011.08.29"]

1. e4 c5 2. Nc3 Nc6 3. f4 g6 4. Nf3 Bg7 5. Bb5 Nd4 6. O-O a6 7. Bc4 e6 8. d3 b5
9. Bb3 Nxb3 10. axb3 Ne7 11. Qe1 Nc6 12. Be3 Qe7 13. Qf2 Bf8 14. e5 f5 15. exf6
Qxf6 16. Ne4 Qxb2 17. Bxc5 Qg7 18. Ne5 Nd8 19. Bd4 d6 20. Ng4 e5 21. Ngf6+ Ke7
22. fxe5 dxe5 23. Bc5+ 1-0

[Event "33. Copenhagen Open (Politiken Cup)"]
[Site "Elsinore"]
[Date "2011.08.07"]
[Round "10"]
[White "Svane, Kristian"]
[Black "Meldal, Peter"]
[Result "0-1"]
[WhiteElo "1000"]
[BlackElo "1526"]
[PlyCount "44"]
[EventDate "2011.07.30"]
[EventType "swiss"]
[EventRounds "10"]
[EventCountry "DEN"]
[Source "ChessBase"]
[SourceDate "2011.08.29"]

1. f4 d5 2. Nf3 Nc6 3. g3 Bf5 4. Bg2 Nf6 5. O-O e6 6. d3 Bc5+ 7. e3 h5 8. Nbd2
Qd7 9. Qe1 O-O-O 10. Kh1 Nb4 11. Qd1 Bxe3 12. d4 Nxc2 13. Rb1 Nxd4 14. Ra1 Nxf3
15. Nxf3 Bb6 16. Bd2 Bg4 17. Qb3 Kb8 18. Ne5 Qe7 19. Bb4 Qe8 20. Rfc1 h4 21.
Bf1 hxg3 22. a4 Rxh2# 0-1

[Event "33. Copenhagen Open (Politiken Cup)"]
[Site "Elsinore"]
[Date "2011.08.07"]
[Round "10"]
[White "Svane, Minna"]
[Black "Wadtland, Flemming"]
[Result "1-0"]
[WhiteElo "1000"]
[BlackElo "1605"]
[PlyCount "51"]
[EventDate "2011.07.30"]
[EventType "swiss"]
[EventRounds "10"]
[EventCountry "DEN"]
[Source "ChessBase"]
[SourceDate "2011.08.29"]

1. Nf3 Nf6 2. g3 g6 3. Bg2 Bg7 4. d3 d5 5. O-O c5 6. Nbd2 Nc6 7. e4 O-O 8. a3
Rb8 9. Rb1 Qc7 10. Qe2 e6 11. Re1 b5 12. b3 Nd7 13. exd5 exd5 14. Nf1 Nf6 15.
Bf4 Re8 16. Bxc7 Rxe2 17. Rxe2 Rb7 18. Bd6 c4 19. b4 h6 20. Ne5 Nd4 21. Rd2 c3
22. Rdd1 Nxc2 23. Bc5 Nxa3 24. Rb3 Nd7 25. Bxd5 Nxc5 26. Rxc3 1-0

[Event "33. Copenhagen Open (Politiken Cup)"]
[Site "Elsinore"]
[Date "2011.08.07"]
[Round "10"]
[White "Svanholm, Borge Waaktaar"]
[Black "Merkesvik, Sondre"]
[Result "1-0"]
[WhiteElo "1926"]
[BlackElo "1762"]
[PlyCount "59"]
[EventDate "2011.07.30"]
[EventType "swiss"]
[EventRounds "10"]
[EventCountry "DEN"]
[Source "ChessBase"]
[SourceDate "2011.08.29"]

1. c4 Nf6 2. Nc3 d6 3. d4 Nbd7 4. Nf3 c6 5. e4 e5 6. g3 g6 7. Bg2 Bg7 8. O-O
O-O 9. Re1 Re8 10. h3 exd4 11. Nxd4 Nb6 12. b3 c5 13. Ndb5 Nxe4 14. Nxe4 Bxa1
15. Bg5 f6 16. Qxa1 Rxe4 17. Rxe4 fxg5 18. Nxd6 Qxd6 19. Re8+ Kf7 20. Qh8 Qd1+
21. Kh2 Qd6 22. Qg8+ Kf6 23. Rf8+ Ke5 24. Qg7+ Ke6 25. Rf6+ Ke5 26. f4+ gxf4
27. gxf4+ Kd4 28. Rxd6+ Ke3 29. Qe5+ Kf2 30. Rd2# 1-0

[Event "33. Copenhagen Open (Politiken Cup)"]
[Site "Elsinore"]
[Date "2011.08.07"]
[Round "10"]
[White "Taksrud, Vidar"]
[Black "Percivaldi, Martin"]
[Result "1-0"]
[WhiteElo "2074"]
[BlackElo "1838"]
[PlyCount "95"]
[EventDate "2011.07.30"]
[EventType "swiss"]
[EventRounds "10"]
[EventCountry "DEN"]
[Source "ChessBase"]
[SourceDate "2011.08.29"]

1. Nf3 d5 2. b4 Bf5 3. Bb2 e6 4. e3 Nf6 5. b5 c5 6. a4 Nbd7 7. d3 h5 8. Nbd2 h4
9. h3 a5 10. c4 Bg6 11. Be2 Qc7 12. Rc1 Be7 13. O-O Kf8 14. Qb3 Bh5 15. Rfe1
Qd6 16. Rcd1 Ne8 17. d4 cxd4 18. exd4 g5 19. c5 Qc7 20. b6 Qf4 21. Bb5 Nb8 22.
Bc1 Qf6 23. Re3 g4 24. hxg4 Bxg4 25. Rde1 Qg7 26. Ne5 Rg8 27. Nxg4 Qxg4 28. Bf1
Qxd4 29. Nf3 Qb4 30. Qc2 Nc6 31. Rb3 Qg4 32. Bh6+ Ng7 33. Ne5 Nxe5 34. Rxe5
Qxa4 35. Rxe6 Qd7 36. Re5 Rh8 37. Bb5 Qd8 38. Qd2 d4 39. Rf3 Rc8 40. Bc4 f6 41.
Qg5 Rxc5 42. Qxg7+ Ke8 43. Qf7+ Kd7 44. Qe6+ Ke8 45. Rxc5 Rxh6 46. Qf7+ Kd7 47.
Bb5+ Kd6 48. Rd5# 1-0

[Event "33. Copenhagen Open (Politiken Cup)"]
[Site "Elsinore"]
[Date "2011.08.07"]
[Round "10"]
[White "Thingstad, Even"]
[Black "Rewitz, Poul"]
[Result "1-0"]
[WhiteElo "2223"]
[BlackElo "2309"]
[PlyCount "49"]
[EventDate "2011.07.30"]
[EventType "swiss"]
[EventRounds "10"]
[EventCountry "DEN"]
[Source "ChessBase"]
[SourceDate "2011.08.29"]

1. d4 Nf6 2. c4 e6 3. Nc3 Bb4 4. Qc2 O-O 5. a3 Bxc3+ 6. Qxc3 b5 7. cxb5 c6 8.
f3 Nd5 9. Qd3 f5 10. e4 Nb6 11. g3 cxb5 12. Bg2 Ba6 13. b4 Nc6 14. Ne2 Nc4 15.
O-O Qb6 16. Kh1 fxe4 17. fxe4 Rxf1+ 18. Bxf1 e5 19. dxe5 N6xe5 20. Qd5+ Kf8 21.
Qxa8+ Kf7 22. Qd5+ Kf6 23. Qd4 Qc6 24. Bf4 Bb7 25. Bg2 1-0

[Event "33. Copenhagen Open (Politiken Cup)"]
[Site "Elsinore"]
[Date "2011.08.07"]
[Round "10"]
[White "Thingstad, Tormod"]
[Black "Haukenes, Jonas"]
[Result "1-0"]
[WhiteElo "1144"]
[BlackElo "1000"]
[PlyCount "75"]
[EventDate "2011.07.30"]
[EventType "swiss"]
[EventRounds "10"]
[EventCountry "DEN"]
[Source "ChessBase"]
[SourceDate "2011.08.29"]

1. c4 g6 2. Nc3 Bg7 3. g3 Nf6 4. Bg2 O-O 5. Nf3 d6 6. O-O Bg4 7. h3 Bf5 8. Nh4
Bc8 9. a3 Nbd7 10. b4 Rb8 11. Bb2 b6 12. Nf3 Bb7 13. Nd4 Bxg2 14. Kxg2 Ne5 15.
d3 d5 16. f4 dxc4 17. fxe5 Nh5 18. Nc6 Qd7 19. Nxb8 Rxb8 20. d4 Qc6+ 21. e4 f6
22. d5 Qd7 23. Ne2 fxe5 24. g4 Nf6 25. Ng3 c6 26. Bxe5 Rf8 27. dxc6 Qxc6 28.
Qe2 Nxe4 29. Rxf8+ Bxf8 30. Qxe4 Qxe4+ 31. Nxe4 Kf7 32. b5 Ke6 33. Bc3 Kd5 34.
Ng5 h6 35. Nf7 h5 36. gxh5 gxh5 37. Rf1 Kc5 38. Rf5+ 1-0

[Event "33. Copenhagen Open (Politiken Cup)"]
[Site "Elsinore"]
[Date "2011.08.07"]
[Round "10"]
[White "Thybo, Jan"]
[Black "Haukenes, Alise"]
[Result "0-1"]
[WhiteElo "1042"]
[BlackElo "1595"]
[PlyCount "90"]
[EventDate "2011.07.30"]
[EventType "swiss"]
[EventRounds "10"]
[EventCountry "DEN"]
[Source "ChessBase"]
[SourceDate "2011.08.29"]

1. e4 c5 2. Nf3 Nc6 3. d4 cxd4 4. Nxd4 g6 5. Nc3 Bg7 6. Nxc6 bxc6 7. Bc4 Bb7 8.
O-O d6 9. Bg5 Nf6 10. f4 O-O 11. Qf3 c5 12. Nd5 Nxd5 13. Bxd5 Bxd5 14. exd5
Bxb2 15. Rae1 Bd4+ 16. Kh1 Re8 17. c3 Bg7 18. Qe3 Bf8 19. f5 f6 20. fxg6 hxg6
21. Bh6 g5 22. Bxg5 fxg5 23. Qxg5+ Bg7 24. Re6 Rf8 25. Kg1 Rxf1+ 26. Kxf1 Qf8+
27. Kg1 Rb8 28. h3 Rb1+ 29. Kh2 Rf1 30. Rxe7 Qf4+ 31. Qxf4 Rxf4 32. Rxa7 Bxc3
33. Rd7 Be5 34. g3 Ra4 35. Kg2 Rxa2+ 36. Kf3 Ra3+ 37. Kg4 Rxg3+ 38. Kh4 Rg7 39.
Rd8+ Kh7 40. Rf8 c4 41. Rf5 c3 42. Rf1 c2 43. Kh5 Rc7 44. h4 c1=Q 45. Rxc1 Rxc1
0-1

[Event "33. Copenhagen Open (Politiken Cup)"]
[Site "Elsinore"]
[Date "2011.08.07"]
[Round "10"]
[White "Veng, Johny"]
[Black "Rauramaa, Julius"]
[Result "1-0"]
[WhiteElo "2309"]
[BlackElo "1904"]
[PlyCount "65"]
[EventDate "2011.07.30"]
[EventType "swiss"]
[EventRounds "10"]
[EventCountry "DEN"]
[Source "ChessBase"]
[SourceDate "2011.08.29"]

1. Nf3 f5 2. c4 Nf6 3. g3 g6 4. Bg2 Bg7 5. O-O O-O 6. d4 d6 7. Nc3 c6 8. Re1
Ne4 9. Qc2 Nxc3 10. Qxc3 e5 11. e3 e4 12. Nd2 d5 13. b4 dxc4 14. Nxc4 Nd7 15.
a4 Nf6 16. Ba3 Nd5 17. Qd2 Rf6 18. Rec1 Bd7 19. Ne5 Re6 20. Bf1 g5 21. b5 g4
22. Rab1 Rh6 23. bxc6 bxc6 24. Rb7 Bc8 25. Nf7 Qf6 26. Nxh6+ Qxh6 27. Rb3 Bd7
28. Rcb1 Re8 29. Rb8 Bc8 30. Ra8 Nc7 31. Qa2+ Be6 32. Rxe8+ Nxe8 33. Bc4 1-0

[Event "33. Copenhagen Open (Politiken Cup)"]
[Site "Elsinore"]
[Date "2011.08.07"]
[Round "10"]
[White "Wahlgren, Christer"]
[Black "Hansen, Erik Friberg"]
[Result "1-0"]
[WhiteElo "1745"]
[BlackElo "1539"]
[PlyCount "61"]
[EventDate "2011.07.30"]
[EventType "swiss"]
[EventRounds "10"]
[EventCountry "DEN"]
[Source "ChessBase"]
[SourceDate "2011.08.29"]

1. d4 d5 2. c4 e6 3. Nc3 Nf6 4. Bg5 Be7 5. Nf3 b6 6. e3 Bb7 7. Bd3 a6 8. O-O
O-O 9. cxd5 exd5 10. Qc2 Nbd7 11. Ne5 g6 12. f4 Nh5 13. Bh6 Re8 14. g4 Ng7 15.
f5 Nxe5 16. dxe5 Bg5 17. fxg6 fxg6 18. Bxg7 Bxe3+ 19. Kg2 Kxg7 20. Rf3 d4 21.
Be4 d3 22. Qb3 Bxe4 23. Qf7+ Kh6 24. Nxe4 Qh4 25. Rh3 Qxh3+ 26. Kxh3 Rf8 27.
Qe7 Rf3+ 28. Kg2 Raf8 29. Nf6 Rf2+ 30. Kg3 d2 31. Qxf8+ 1-0

[Event "33. Copenhagen Open (Politiken Cup)"]
[Site "Elsinore"]
[Date "2011.08.07"]
[Round "10"]
[White "Willumsen, Henrik"]
[Black "Svendsen, Peter"]
[Result "1-0"]
[WhiteElo "2194"]
[BlackElo "1987"]
[PlyCount "67"]
[EventDate "2011.07.30"]
[EventType "swiss"]
[EventRounds "10"]
[EventCountry "DEN"]
[Source "ChessBase"]
[SourceDate "2011.08.29"]

1. e4 e5 2. Nf3 Nf6 3. Nxe5 d6 4. Nf3 Nxe4 5. d4 d5 6. Bd3 Nc6 7. O-O Be7 8. c4
Bf5 9. Bf4 O-O 10. Nc3 Nb4 11. Bb1 Bg6 12. Re1 Nf6 13. Bxg6 hxg6 14. a3 Nc6 15.
c5 Nh5 16. Be5 Bf6 17. b4 a6 18. Qd2 g5 19. Bxf6 gxf6 20. g3 Qd7 21. h4 Qg4 22.
Re3 Nf4 23. Nh2 Nh3+ 24. Kg2 Nf4+ 25. Kh1 Qh3 26. gxf4 Qxh4 27. Rg3 Kg7 28.
Rag1 Rh8 29. R1g2 Rae8 30. Rg4 Qh3 31. fxg5 f5 32. R4g3 Qh4 33. f4 Nxd4 34.
Qxd4+ 1-0

[Event "33. Copenhagen Open (Politiken Cup)"]
[Site "Elsinore"]
[Date "2011.08.07"]
[Round "10"]
[White "Zivkovic, Milenko"]
[Black "Tandrup, Michael"]
[Result "1/2-1/2"]
[WhiteElo "2079"]
[BlackElo "1917"]
[PlyCount "84"]
[EventDate "2011.07.30"]
[EventType "swiss"]
[EventRounds "10"]
[EventCountry "DEN"]
[Source "ChessBase"]
[SourceDate "2011.08.29"]

1. d4 e6 2. e4 d5 3. Nc3 Bb4 4. e5 Bxc3+ 5. bxc3 c5 6. f4 Qa5 7. Qd2 cxd4 8.
cxd4 Qxd2+ 9. Bxd2 Nc6 10. Nf3 Nge7 11. Bd3 O-O 12. Ke2 f6 13. a4 fxe5 14. fxe5
Bd7 15. Rhb1 Rab8 16. g3 h6 17. a5 Be8 18. g4 Bg6 19. Bxg6 Nxg6 20. Bb4 Nxb4
21. Rxb4 Rf7 22. Rab1 Rc7 23. R1b2 Ne7 24. Kd3 Nc6 25. Ra4 Rf8 26. Ke3 Nxa5 27.
Rxa5 Rc3+ 28. Kd2 Rcxf3 29. Rxb7 R8f7 30. Raxa7 Rxb7 31. Rxb7 Rf2+ 32. Kd3 Kf8
33. c4 dxc4+ 34. Kxc4 Rc2+ 35. Kb5 Rxh2 36. Kc5 Rd2 37. Kd6 Rxd4+ 38. Kxe6 Kg8
39. Kf5 g6+ 40. Kxg6 Rxg4+ 41. Kxh6 Kf8 42. Kh5 Rg1 1/2-1/2